000 00682nam a2200205Ia 4500
003 GCL
008 140319s9999 xx 000 0 ara d
040 _aGCL /
_cGCL
082 0 4 _a937.01
_bع م
100 1 _aكريسيب, غاى ساليوستى
245 1 0 _aمؤامرة كاتلينا: اول مؤمرة سياسية فى التاريخ /
_cكريسيب, غاى ساليوستى
700 1 _aمحمد بدرخان (مترجم)
260 _a[S.N] :
_bدار المعرفة ،
_c1988
490 _a
650 0 4 _aتاريخ
650 0 4 _aافريقيا
650 0 4 _aالامبراطورية الرومانية
650 0 4 _aالعصر الباكر
942 _2ddc
_cBK
999 _c32348
_d32348